000 00694nam a2200205 a 4500
001 21433
003 CO-ViMGA
008 141112s2004 ck r 000 u spa d
020 _a8484523322
040 _aCO-ViMGA
_bspa
_cCO-ViMGA
082 0 4 _aCAPla
100 1 _aCapdevila, Roser; Capdevila, Charles
_930617
245 1 0 _aLas tres mellizas y la vuelta al mundo en 3 pantalones
260 _aMadrid :
_bIcaria,
_c2004
300 _a40
490 _aUna mirada al mundo; 18
590 _aForma de adquisición : Donación fact. 8862 - - Precio : 28200 - - Proveedor : Fundación exito - - Fecha de adquisición : Mayo 2007
650 1 4 _aCUENTOS INFANTILES ESPAÑOLES
_9725
942 _2ddc
_cBK
999 _c30043
_d30043